| 000 | 01137cad a22001935a 4500 | ||
|---|---|---|---|
| 001 | E149609 | ||
| 008 | 100325e20100108xxk v 000 0 eng d | ||
| 035 | _a(Sirsi) u149609 | ||
| 041 | 0 | _aeng | |
| 245 | 0 | 0 |
_aPaul Delaney v Mrs Can Chen and Mr An Xiang Du _h[electronic resource] |
| 260 | _c2010 | ||
| 520 | _a[2010] EWCA Civ 6 (CH), 8 January 2010. Case relates to the sale of a house on a sale and lease back basis. CC and AXD were creditors of the sellers, and challenged the sale on the basis that the main purpose of the sale to D was to put assets beyond their reach. It was argued that the sale was a transaction at undervalue. "Held": appeal allowed. Although part of the intention of the sale was to make the property immune from creditors, CC and AXD had not established the requisite undervalue. | ||
| 590 | _aKA | ||
| 650 | 2 | 4 | _aDELANEY V CHEN AND ANOR |
| 651 | 4 |
_aEngland and Wales _y1543- |
|
| 690 | _aPROPERTY-RESIDENTIAL PROPERTY-ACQUISITION AND DISPOSAL OF RESIDENTIAL PROPERTY | ||
| 856 | 4 | 0 |
_uhttps://www.bailii.org/ew/cases/EWHC/Ch/2010/6.html _zView the judgement free of charge at www.bailii.org... |
| 942 | _n0 | ||
| 999 |
_c82225 _d82225 |
||